000 00324nam a22001457a 4500
008 230601b ||||| |||| 00| 0 eng d
020 _a9780521765275
041 _aeng
080 _2FOURTH EDITION
_a37
082 _a37YUL
100 _a22
101 _aEDU
245 _aTHE STUDY OF LANGUAGE
_cYULE.G
942 _2udc
_cBK
999 _c59903
_d59903